000 00584nam a2200241 a 4500
001 nice12345678
003 IN_TiNIC
005 20260116015150.0
008 050524s1910 laha grp 000 0 urd
020 _a
_c100
082 0 0 _a297.1229
_bINS
100 _aInshaullah, Mohd
245 _aAal-E-Imran
260 _aLahore
_bHameedia Agency
_c1910
300 _a432p
500 _aincludes index and biblioraphy
505 2 _aAppendix
650 _aQuran-Surah Aal-E-Imran-Hermaneutix
700 1 _aInshaullah, Mohd
902 _bSRS
942 _cBK
999 _c18576
_d18576